000 00570nam a2200193 a 4500
005 20240920064455.0
008 011003s1999 mx r 000 0 spa d
020 _a8471975327
035 _aUPN01000112546
049 _aCG
050 4 _aGV361
_bC5.4
245 0 _a100 juegos para el aula de educación física en educación primaria.
260 _aBarcelona, Esp. :
_bPraxis,
_cc1999.
300 _a182 p.
440 0 _aMonografías escuela española.
_pGuía escolar
650 4 _aEducación física
_912884
650 4 _aDeportes escolares
_96706
905 _aLibro
999 _c86454
_d86454